IMDB's Top 100 Most Beautiful Women of All Time - Statistics

General Stats
  • This quiz has been taken 556 times
  • The average score is 22 of 100
Answer Stats
Answer % Correct
Scarlett Johansson
65%
Marilyn Monroe
61%
Angelina Jolie
60%
Margot Robbie
53%
Megan Fox
52%
Natalie Portman
52%
Emma Stone
48%
Jennifer Lawrence
47%
Emma Watson
46%
Audrey Hepburn
43%
Sharon Stone
43%
Beyoncé
42%
Jennifer Lopez
42%
Halle Berry
40%
Nicole Kidman
39%
Rihanna
38%
Grace Kelly
36%
Kate Winslet
36%
Penélope Cruz
36%
Salma Hayek
36%
Charlize Theron
35%
Keira Knightley
35%
Cameron Diaz
34%
Demi Moore
34%
Catherine Zeta-Jones
33%
Ariana Grande
32%
Monica Bellucci
32%
Jessica Alba
31%
Naomi Campbell
31%
Mila Kunis
30%
Pamela Anderson
30%
Shakira
28%
Katy Perry
27%
Brigitte Bardot
26%
Jane Fonda
25%
Naomi Watts
25%
Natalie Wood
25%
Vanessa Williams
25%
Winona Ryder
25%
Marion Cotillard
24%
Rachel Weisz
23%
Claudia Schiffer
22%
Courteney Cox
22%
Elle Macpherson
21%
Diane Lane
20%
Jessica Lange
20%
Carmen Electra
18%
Eva Green
18%
Tyra Banks
18%
Amanda Seyfried
17%
Cheryl
17%
Michelle Pfieffer
17%
Candice Swanepoel
16%
Sophie Marceau
16%
Zooey Deschanel
16%
Behati Prinsloo
15%
Victoria Silvstedt
15%
Yasmine Bleeth
15%
Isabelle Adjani
14%
Phoebe Tonkin
14%
Bryce Dallas Howard
13%
Leelee Sobieski
13%
Sienna Miller
13%
Eva Mendes
12%
Lyndsy Fonseca
12%
Whitney Able
12%
Bar Rafaeli
11%
Claudia Cardinale
11%
Erin Heatherton
11%
Jennifer Connolly
11%
Kim Basinger
11%
Mia Sara
11%
Diane Kruger
10%
Jennifer Love Hewitt
10%
Milla Jovovich
10%
Nicole Scherzinger
10%
Alicia Silverstone
9%
Claire Forlani
9%
Gemma Arterton
9%
Gemma Ward
9%
Kate Beckinsale
9%
Leighton Meester
9%
Rooney Mara
9%
Christina Aguilera
8%
Olivia Wilde
8%
Penelope Ann Miller
8%
Camilla Belle
7%
Carla Gugino
7%
Irina Shayk
7%
Andie MacDowell
6%
Olga Kurylenko
5%
Rosamund Pike
5%
Avril Lavigne
4%
Rita Ora
4%
Shailene Woodley
4%
Vera Farmiga
3%
Aishwarya Rai Bachchan
1%
Jacqueline Bracamontes
1%
Madeleine Stowe
1%
Sherilyn Fenn
1%
No matching quizzes found
Score Distribution
Percent of People with Each Score
Percentile by Number Answered
Your Score History
You have not taken this quiz